| 000 | 00303 a2200133 4500 | ||
|---|---|---|---|
| 001 | 92388 | ||
| 082 | _a954.9142 LAL | ||
| 090 |
_c44356 _d44357 |
||
| 100 | _aLal kuhnia | ||
| 245 |
_aTarikh lahore _cLal kohnia |
||
| 260 |
_aLahore _bTakhleeqat _c2012 |
||
| 300 | _a447 p. | ||
| 650 | _aterikh lahor | ||
| 942 |
_aCAE NUST _k954.9142 LAL |
||
| 999 |
_c327461 _d327461 |
||